|
|
|
|
| LEADER |
00000nam a2200000 a 4500 |
| 001 |
vtls001086198 |
| 003 |
SK-MaSNL |
| 005 |
20260302064053.0 |
| 008 |
250414s1987 xo 0 slo |
| 015 |
|
|
|a SNBA1987/11
|
| 035 |
|
|
|a SNK000029037
|
| 040 |
|
|
|a SNK
|b slo
|c SNK
|e AACR2
|
| 041 |
0 |
|
|a slo
|
| 044 |
|
|
|a xo
|c SK
|
| 080 |
|
|
|a 641.528(035)
|2 1981
|
| 100 |
1 |
|
|a Lifková, Zdenka,
|d 1927-
|4 aut
|9 220810
|
| 245 |
1 |
0 |
|a Zmrazovanie potravín v mrazničkách
|c Zdenka Lifková ; Milan Chvíla
|
| 250 |
|
|
|a 2. vyd.
|
| 260 |
|
|
|a Bratislava
|b Alfa
|c 1987
|e Bratislava
|f Pravda
|
| 300 |
|
|
|a 120 s., 6,02 AH
|c 20 cm
|
| 366 |
|
|
|e 30000 výtl.
|
| 490 |
0 |
|
|a Edícia potravinárskej literatúry
|
| 500 |
|
|
|a Lit. 17. 17 zázn. v slov., češ., nem. a franc.
|
| 700 |
1 |
|
|a Chvíla, Milan,
|d 1944-2005
|4 bkd
|9 60550
|
| 852 |
|
|
|a Slovenská národná knižnica
|
| 954 |
|
|
|a potraviny
|a zmrazovanie
|
| 958 |
|
|
|a OND
|
| 958 |
|
|
|a NB
|
| 958 |
|
|
|a TL
|
| 999 |
|
|
|c 1135621
|d 1137551
|
| 952 |
|
|
|a SNK
|b SNK
|y PREZ
|7 0
|p 17A0967380
|o snkSC 69626
|0 0
|1 0
|4 0
|d 2012-09-14
|l 0
|r 2025-07-17 00:00:00
|w 2026-02-24
|
| 952 |
|
|
|t P60, <04>, [BOOK], {604}
|a SNK
|b SNK
|y VYP
|7 0
|p 17A0436483
|o snkSC 69626 D1
|i snkKSP 8060/87
|0 0
|1 0
|4 0
|d 2004-07-29
|l 0
|r 2004-12-31 00:00:00
|w 2026-02-24
|